01377cam a2200385 a 450000100090000000300050000900500170001400700030003100800410003402000220007502000150009702500270011203500240013903500210016303700530018404000330023704200210027004300120029105000240030308200200032710000290034724501070037626000610048330000340054450400680057865000250064665000420067170000330071370000250074671000420077190600450081394200120085899900190087095201020088917316382ASAB20180827062637.0ta110819s2011 ii a b 001 0 eng d a978-81-7993-440-3 a8179934047 aI-E-2012-354167; 50-92 a(OCoLC)ocn754988875 a(OCoLC)754988875 aLibrary of Congress -- New Delhi Overseas Office aDKAGEbengcASABdYDXCPdDLC alccopycatalcode aa-ii---00aTP359.B48bK58 201104a665.77609542231 aKhoiyangbam, R. S.9187910aBiogas technology :btowards sustainable development /cR.S. Khoiyangbam, Navindu Gupta, Sushil Kumar. aNew Delhi :bThe Energy and Resources Institute,cc2011. axvi, 200 p. :bill. ;c25 cm. aIncludes bibliographical references (p. [181]-182) and indexes. 0aBiogaszIndia.91880 0aSustainable developmentzIndia.918811 aGupta, Navindu,d1962-918821 aKumar, Sushil.918832 aEnergy and Resources Institute.91884 a7bcbcccopycatd3encipf20gy-gencatlg 2ddccBK c480114d480114 00102ddc40708NFICaASABbASABd2016-06-14l0o665.7 KHOpASAB3338r2016-06-14w2016-06-14yBK